00301pam a2200109a 44500008004100000041000800041100002100049245005400070250000600124260005300130300000800183230405s1999 xxu||||| |||| 00| 0 eng d aENG aMorris B. Jacobs aThe Chemical Analysis of foods & foods production a1 anew delhibC.B.S Publishers & Distributersc1999 a969